[Event "Open A"]
[Site "Zadar CRO"]
[Date "2007.12.21"]
[Round "8"]
[White "Arnaudov,P"]
[Black "Sakelsek,T"]
[Result "1/2-1/2"]
[WhiteElo "2184"]
[BlackElo "2479"]

1.Nf3 Nf6 2.c4 e6 3.d4 b6 4.g3 Ba6 5.Qc2 c5 6.Bg2 Nc6 7.dxc5 Bxc5 8.O-O O-O
9.a3 Bb7 10.Nc3 Rc8 11.b4 Be7 12.Qb3 a5 13.b5 Nb8 14.Bb2 Qc7  1/2-1/2

[Event "Weihnachtsopen Meister"]
[Site "Zurich SUI"]
[Date "2007.12.26"]
[Round "1"]
[White "Rindlisbacher,J"]
[Black "Bous,F"]
[Result "1-0"]
[WhiteElo "1919"]
[BlackElo "2179"]

1.d4 Nf6 2.c4 e6 3.Nf3 b6 4.g3 Ba6 5.b3 Bb4+ 6.Bd2 Be7 7.Bg2 c6 8.Bc3 d5
9.Nbd2 Nbd7 10.O-O O-O 11.Bb2 Rc8 12.Rc1 c5 13.Re1 Ne4 14.Nxe4 dxe4 15.Ne5 f5
16.Nxd7 Qxd7 17.dxc5 Qxd1 18.Rcxd1 Bxc5 19.Rd7 Rf7 20.Red1 Rc7 21.Rd8+ Rf8
22.Be5 Re7 23.Rxf8+ Kxf8 24.Bd6 Bxd6 25.Rxd6 Kf7 26.f3 exf3 27.Bxf3 Bb7 28.Kf2 Kf6
29.Bxb7 Rxb7 30.Kf3 g5 31.Rd8 Ke5 32.g4 Rg7 33.gxf5 exf5 34.Rd5+ Ke6 35.e4 fxe4+
36.Kxe4 h6 37.c5 bxc5 38.Rxc5 Kd6 39.Ra5 Re7+ 40.Kf5 Re2 41.h3 Rg2 42.Rxa7 h5
43.b4 Rg3 44.a4 Rxh3 45.Kxg5 Rh1 46.b5 h4 47.Kg4 Kc5 48.Ra6 Rh2 49.b6 Rb2
50.a5 Rb4+ 51.Kh3 Kc6 52.Ra7 Ra4 53.b7 Rb4 54.a6 Kc7 55.Ra8  1-0

[Event "Weihnachtsopen Meister"]
[Site "Zurich SUI"]
[Date "2007.12.27"]
[Round "2"]
[White "Modler,A"]
[Black "Pelletier,Y"]
[Result "1/2-1/2"]
[WhiteElo "2242"]
[BlackElo "2609"]

1.d4 Nf6 2.c4 e6 3.Nf3 b6 4.g3 Ba6 5.b3 d5 6.Bg2 Bb4+ 7.Bd2 Bd6 8.cxd5 exd5
9.O-O O-O 10.Nc3 Nbd7 11.Bg5 Re8 12.Re1 h6 13.Bf4 Bxf4 14.gxf4 c5 15.Rc1 Bb7
16.e3 Qe7 17.Ne2 Rad8 18.Qc2 Ne4 19.Ng3 Ndf6 20.dxc5 Nxc5 21.Ne5 Rc8 22.Nf5 Qf8
23.Qb1 Nfe4 24.b4 Na6 25.Bxe4 dxe4 26.a3 f6 27.Qb3+ Kh7 28.Nd7 Qg8 29.Qxg8+ Rxg8
30.b5 Rxc1 31.Rxc1 Rc8 32.Rxc8 Bxc8 33.Nxf6+ gxf6 34.Nd6 Nc7 35.Nxc8 Nxb5
36.a4 Nc3 37.Nxa7 Kg6 38.Nb5 Nxa4 39.Kg2 Nc5 40.f3 f5 41.Nc3 exf3+ 42.Kxf3 Kf7
43.Nb5 Ne4 44.Nd4 Nd6 45.Ke2 Kg6 46.Kd3 Kh5 47.Nc2 Kg4 48.Kd4 h5 49.Kd5 Ne4
50.Nd4 h4 51.Ke5 Ng3 52.e4 Nxe4 53.Nxf5 Nc5 54.h3+ Kxh3 55.Kd6 Kg4 56.Nxh4 Kxh4
57.Kc6  1/2-1/2

[Event "37th Rilton Cup"]
[Site "Stockholm SWE"]
[Date "2008.01.03"]
[Round "7"]
[White "Farago,I"]
[Black "Berczes,D"]
[Result "1/2-1/2"]
[WhiteElo "2504"]
[BlackElo "2430"]

1.d4 Nf6 2.c4 e6 3.Nf3 b6 4.g3 Ba6 5.b3 Bb4+ 6.Bd2 Be7 7.Bg2 c6 8.Bc3 d5
9.Nbd2 Nbd7 10.O-O O-O 11.Re1 Bb7 12.e4 dxe4 13.Ng5 c5 14.Ndxe4 cxd4 15.Bxd4 Qc7
16.Nxf6+ Bxf6 17.Bxb7 Qxb7 18.Bxf6 Nxf6 19.Qf3  1/2-1/2

[Event "37th Rilton Cup"]
[Site "Stockholm SWE"]
[Date "2008.01.03"]
[Round "7"]
[White "Grandelius,N"]
[Black "Carlsson,P"]
[Result "1/2-1/2"]
[WhiteElo "2377"]
[BlackElo "2481"]

1.d4 Nf6 2.c4 e6 3.Nf3 b6 4.g3 Ba6 5.Qc2 Bb4+ 6.Bd2 Be7 7.Bg2 c6 8.O-O d5
9.b3 O-O 10.Rd1 Nbd7 11.a4 Ne4 12.Be1 Bd6 13.a5 Qe7  1/2-1/2

[Event "5th TCh-Asia w"]
[Site "Visakhpatnam IND"]
[Date "2008.01.03"]
[Round "1"]
[White "Sachdev,T"]
[Black "Nlv,A"]
[Result "1-0"]
[WhiteElo "2417"]
[BlackElo "1995"]

1.d4 Nf6 2.Nf3 e6 3.c4 b6 4.g3 Ba6 5.b3 Bb4+ 6.Bd2 Be7 7.Bg2 c6 8.Bc3 d5
9.Ne5 O-O 10.Nd2 Bb7 11.O-O Nbd7 12.Qc2 Nxe5 13.dxe5 Nd7 14.e4 Qc7 15.exd5 cxd5
16.Qb2 Nc5 17.cxd5 Bxd5 18.Bxd5 exd5 19.Nf3 Ne4 20.Bd4 Qd7 21.Kg2 Qf5 22.Rac1 h5
23.Ng1 h4 24.f3 Ng5 25.Qc2 Qxc2+ 26.Rxc2 Ne6 27.Ne2 Ba3 28.Bb2 Bxb2 29.Rxb2 hxg3
30.hxg3 Rac8 31.Rd1 Rfd8 32.Rbd2 Rc5 33.f4 g6 34.Kf3 Kf8 35.Rd3 Rc2 36.R1d2 Rxd2
37.Rxd2 Ke7 38.g4 Nc5 39.Nc3 Ke6 40.Nb5 Rd7 41.Nd4+ Ke7 42.f5 Kd8 43.Nc6+ Kc8
44.Rxd5 Rxd5 45.Ne7+ Kd7 46.Nxd5 gxf5 47.gxf5 Kc6 48.Nc3 a6 49.Ke3 Nb7 50.Kd4 Nd8
51.Ne4 Nb7 52.Ng5 Nd8 53.a3 a5 54.a4 Kc7 55.Kd5 Kd7 56.Nxf7 Nb7 57.e6+ Ke7
58.Ke5 Kf8 59.f6 Nc5 60.Nd6  1-0

[Event "TCh-ISR"]
[Site "Israel ISR"]
[Date "2008.01.04"]
[Round "2"]
[White "Gofshtein,L"]
[Black "Manor,I"]
[Result "1-0"]
[WhiteElo "2512"]
[BlackElo "2490"]

1.Nf3 Nf6 2.c4 e6 3.d4 b6 4.g3 Ba6 5.Qc2 c5 6.d5 exd5 7.cxd5 g6 8.Nc3 Bg7
9.Bg2 O-O 10.O-O d6 11.Bf4 b5 12.a3 Nbd7 13.Bxd6 Re8 14.Rfe1 Qb6 15.Bf4 b4
16.axb4 cxb4 17.Na4 Qb7 18.e4 Rac8 19.Qb1 Bb5 20.Nd2 Ng4 21.Nb3 Nde5 22.h3 Nxf2
23.Nbc5 Qe7 24.Kxf2 Rxc5 25.Nxc5 Qxc5+ 26.Be3 Qd6 27.Kg1 Nf3+ 28.Bxf3 Qxg3+
29.Bg2 Be5 30.Ra5 Bd3 31.Qxd3 Qxe1+ 32.Bf1 Qg3+ 33.Bg2 Bf4 34.Ra1 f5 35.d6 Bxe3+
36.Kh1 fxe4 37.Qc4+ Kg7 38.Qc7+ Kf8 39.Qxh7 Bf2 40.d7 Rd8 41.Bxe4 Qe5 42.Bxg6 Qg7
43.Qh5 Rxd7 44.Rf1  1-0

[Event "TCh-ISR"]
[Site "Israel ISR"]
[Date "2008.01.04"]
[Round "2"]
[White "Huzman,A"]
[Black "Gershon,A"]
[Result "1-0"]
[WhiteElo "2602"]
[BlackElo "2497"]

1.d4 Nf6 2.Nf3 e6 3.c4 b6 4.g3 Ba6 5.Qc2 Bb7 6.Bg2 c5 7.d5 exd5 8.cxd5 Na6
9.a3 Nxd5 10.e4 Ndc7 11.Nc3 Be7 12.Be3 b5 13.Rd1 b4 14.Ne2 O-O 15.Nf4 bxa3
16.bxa3 Ne6 17.O-O Nac7 18.Rd2 Nxf4 19.gxf4 d5 20.exd5 Qd6 21.Ne5 Nb5 22.Qb2 Ba6
23.Rc1 Rac8 24.Rdc2 Nd4 25.Bxd4 cxd4 26.Rc6 Qxa3 27.Qxa3 Bxa3 28.Ra1 Rxc6
29.Nxc6 Re8 30.Bf3 g5 31.Rxa3 Re1+ 32.Kg2 Bf1+ 33.Kg3 d3 34.d6  1-0

[Event "TCh-ISR"]
[Site "Israel ISR"]
[Date "2008.01.04"]
[Round "2"]
[White "Zoler,D"]
[Black "Botvinnik,M ISR"]
[Result "1-0"]
[WhiteElo "2455"]
[BlackElo "2298"]

1.d4 Nf6 2.c4 e6 3.Nf3 b6 4.g3 Ba6 5.Nbd2 Bb4 6.Qc2 Bb7 7.Bg2 Be4 8.Qd1 O-O
9.O-O Bxd2 10.Qxd2 d6 11.b3 Nbd7 12.Bb2 Qe7 13.Rfe1 Rad8 14.Qc3 c5 15.Rad1 cxd4
16.Nxd4 Bxg2 17.Kxg2 Nb8 18.e4 a6 19.f3 Qb7 20.Rd2 Rd7 21.Red1 Rfd8 22.Ne2 Ne8
23.Nf4 Nc6 24.g4 Ne5 25.Qe3 Ng6 26.Nh5 b5 27.cxb5 axb5 28.Kf2 e5 29.Ng3 Nc7
30.Nf5 d5 31.exd5 Nxd5 32.Qc5 Ndf4 33.Rxd7 Rxd7 34.Nd6 Qa7 35.Qxa7 Rxa7 36.Nc8 Rc7
37.Rd8+ Nf8 38.Bxe5 Nd3+ 39.Rxd3 Rxc8 40.a4 bxa4 41.bxa4 f6 42.Bd6 Kf7 43.a5 Ra8
44.Bxf8 Kxf8 45.Ra3 Ra6 46.Ke3 Ke7 47.Kd4 Kd6 48.Kc4 Kc6 49.h4 Kb7 50.Kd5 Ka7
51.h5 Ka8 52.Kc5 Ka7 53.Kb5 Re6 54.Rd3 Re7 55.Kc6 Ka6 56.Rd7 Re3 57.Rxg7 Rxf3
58.Rxh7 Rg3 59.Rg7 f5 60.g5 f4 61.h6 f3 62.h7 f2 63.Rf7 Rxg5 64.h8=Q Rg6+  1-0

[Event "Paul Keres Mem GMB"]
[Site "Tallinn EST"]
[Date "2008.01.06"]
[Round "1"]
[White "Shumiakina,T"]
[Black "Piarnpuu,L"]
[Result "1-0"]
[WhiteElo "2352"]
[BlackElo "2137"]

1.d4 Nf6 2.Nf3 e6 3.c4 b6 4.g3 Ba6 5.b3 d5 6.cxd5 exd5 7.Bg2 Bb4+ 8.Bd2 Bd6
9.O-O O-O 10.Nc3 Re8 11.Re1 Nbd7 12.Qc2 c6 13.e4 dxe4 14.Nxe4 Nxe4 15.Rxe4 Rxe4
16.Qxe4 Bb7 17.Rc1 Nf6 18.Qf5 Qd7 19.Nh4 Ba3 20.Qxd7 Nxd7 21.Rc2 Nf6 22.Nf5 Nd5
23.Bxd5 cxd5 24.b4 Kf8 25.Nd6 Ba6 26.Rc7 Be2 27.Rxf7+ Kg8 28.Re7 Bg4 29.f3 Bh5
30.g4 Bg6 31.Nb5 Bb2 32.Be3 a5 33.Nc7 Rf8 34.bxa5 bxa5 35.Kg2 Bf7 36.Rd7 Ba3
37.Bf4 h6 38.Be5 Rc8 39.Kg3 Kf8 40.Nb5 Bb4 41.Bd6+ Bxd6+ 42.Nxd6 Be6 43.Nxc8 Bxd7
44.Nb6 Bb5 45.Nxd5  1-0

[Event "Paul Keres Mem GMA"]
[Site "Tallinn EST"]
[Date "2008.01.07"]
[Round "3"]
[White "Gavrilov,Al1"]
[Black "Sulskis,S"]
[Result "1/2-1/2"]
[WhiteElo "2491"]
[BlackElo "2553"]

1.d4 Nf6 2.Nf3 e6 3.c4 b6 4.g3 Ba6 5.Qa4 c5 6.Bg2 Bb7 7.dxc5 Bxc5 8.O-O O-O
9.Nc3 Ne4 10.Nxe4 Bxe4 11.Bf4 Qc8 12.Rfd1 d5 13.Rac1 Qc6 14.Qb3 Nd7 15.cxd5 exd5
16.Nd4 Qg6 17.Bxe4 Qxe4 18.Qd3 Rfe8 19.e3 h6 20.Qxe4 dxe4 21.Nb5 Ne5 22.Nc7 Nd3
23.Rc2 g5 24.Nxa8 Rxa8 25.Bc7 f5 26.Rc3 Kf7 27.Rcxd3 exd3 28.Rxd3 Ke6 29.f4 Rc8
30.Be5 Be7 31.Bc3 b5 32.a3 Rd8 33.Rxd8 Bxd8 34.Bg7 h5 35.fxg5 Bxg5 36.Kf2 a5
37.b3 a4 38.bxa4 bxa4 39.Bf8 Ke5 40.Kf3 Bd8 41.Bg7+ Ke6 42.Kf4 Be7 43.Bb2 h4
44.gxh4 Bxh4 45.e4 fxe4 46.Kxe4 Be7 47.Bc1 Bf6 48.h3 Be7 49.Kd4 Kf5 50.Kd5 Kg6
51.Kc4  1/2-1/2

[Event "Masters"]
[Site "Liege BEL"]
[Date "2008.01.09"]
[Round "6"]
[White "Goossens,E"]
[Black "Hautot,S"]
[Result "1/2-1/2"]
[WhiteElo "2302"]
[BlackElo "2336"]

1.d4 Nf6 2.Nf3 e6 3.c4 b6 4.g3 Ba6 5.b3 Bb4+ 6.Bd2 Be7 7.Bg2 Bb7 8.Nc3 d5
9.Ne5 c6 10.cxd5 exd5 11.O-O O-O 12.Bg5 Nfd7 13.Bxe7 Qxe7 14.Nd3 Nf6 15.e3 Nbd7
16.Nf4 Rfd8  1/2-1/2

[Event "Paul Keres Mem GMB"]
[Site "Tallinn EST"]
[Date "2008.01.09"]
[Round "6"]
[White "Shumiakina,T"]
[Black "Khukhashvili,S"]
[Result "1/2-1/2"]
[WhiteElo "2352"]
[BlackElo "2387"]

1.d4 Nf6 2.c4 e6 3.Nf3 b6 4.g3 Ba6 5.b3 Bb4+ 6.Bd2 Be7 7.Bg2 d5 8.cxd5 exd5
9.O-O O-O 10.Nc3 Bb7 11.Qc2 Re8 12.Bf4 Na6 13.Rfd1 h6 14.Ne5 Qc8 15.a3 c5
16.dxc5 Bxc5 17.b4 Bf8 18.Qb3 g5 19.Nxd5 Nxd5 20.Rxd5 Qe6 21.Qd3 Nc7 22.Rd7 Bxg2
23.Kxg2 Rac8 24.Nxf7 Bg7 25.Be5 Re7 26.Rxe7 Qxe7 27.Bxg7 Qxf7 28.Bb2 Ne6
29.Qe4 Re8 30.Qf3 Qh7 31.Rc1 Rf8 32.Qc3 Qe4+ 33.Kg1 Qxe2 34.Qh8+ Kf7 35.Qf6+ Ke8
36.Rc8+ Kd7 37.Rxf8 Qd1+ 38.Kg2 Nf4+ 39.gxf4 Qg4+ 40.Kf1 Qd1+ 41.Kg2  1/2-1/2

[Event "ch-CUB"]
[Site "Santa Clara CUB"]
[Date "2008.01.10"]
[Round "3"]
[White "Gongora Reyes,M"]
[Black "Hevia,A"]
[Result "1-0"]
[WhiteElo "2416"]
[BlackElo "2308"]

1.d4 e6 2.c4 Nf6 3.Nf3 b6 4.g3 Ba6 5.Qc2 Bb4+ 6.Bd2 Bxd2+ 7.Nbxd2 c5 8.d5 exd5
9.cxd5 O-O 10.e4 Bxf1 11.Kxf1 d6 12.Kg2 Nbd7 13.a4 a6 14.Rhe1 Re8 15.h3 b5
16.b3 Qb6 17.Ra2 Rac8 18.axb5 axb5 19.Rea1 c4 20.bxc4 bxc4 21.Ra6 Qc5 22.R1a5 Qc7
23.Ra4 Nb6 24.Rb4 Nfd7 25.Qc3 Qc5 26.Nd4 Ra8 27.Nf5 f6 28.Rxa8 Rxa8 29.Nxc4 Ra2
30.Nfe3 Na4 31.Qb3 Ndb6 32.Rxb6  1-0

[Event "ch-Reykjavik"]
[Site "Reykjavik ISL"]
[Date "2008.01.11"]
[Round "3"]
[White "Magnusson,B"]
[Black "Asbjornsson,I"]
[Result "0-1"]
[WhiteElo "1913"]
[BlackElo "2013"]

1.d4 Nf6 2.Nf3 e6 3.c4 b6 4.g3 Ba6 5.Bg2 Bxc4 6.Ne5 Bd5 7.Bxd5 exd5 8.O-O Be7
9.Nc3 O-O 10.Bg5 d6 11.Nd3 c5 12.Nf4 h6 13.Bxf6 Bxf6 14.e3 cxd4 15.exd4 Nc6
16.Qa4 Nxd4 17.Rad1 Nf3+ 18.Kg2 Bxc3 19.bxc3 Ng5 20.Rxd5 Qc7 21.Rd3 Rfd8
22.h4 Ne6 23.Nxe6 fxe6 24.Qe4 Re8 25.g4 Rac8 26.Kg1 d5 27.Qe2 Qe7 28.h5 Qf6
29.Rf3 Qg5 30.Re3 Rc4 31.f3 Qf6 32.Rd1 Rf8 33.Rdd3 Kf7 34.Re5 Rd8 35.Rde3 Rd6
36.Rd3 Qf4 37.Kg2 Qf6 38.Ree3 Rdc6 39.Qb2 d4 40.Rxd4 Rxc3 41.Rxc3 Qxd4 42.Rc2 Qxb2
43.Rxb2 Kf6 44.Kg3 Rc3 45.Rb4 Ra3 46.Rb2 e5 47.Rc2 e4 48.Rc6+ Kf7 49.Rc7+ Kg8
50.Rc8+ Kh7 51.Re8 exf3 52.Rf8 Rxa2 53.Kxf3 b5 54.Rb8 a6 55.Ke4 Ra4+ 56.Kf5 b4
57.Rb6 a5 58.g5 hxg5 59.Kxg5 Ra1 60.Rb7 Rg1+ 61.Kf5 Kh6 62.Kf4 Rg5 63.Rb8 Kxh5
64.Rh8+ Kg6 65.Rb8 Rc5 66.Rb6+ Kh5  0-1

[Event "ch-CUB"]
[Site "Santa Clara CUB"]
[Date "2008.01.11"]
[Round "4"]
[White "Comez Ledo,R"]
[Black "Gongora Reyes,M"]
[Result "0-1"]
[WhiteElo "2411"]
[BlackElo "2416"]

1.d4 Nf6 2.c4 e6 3.Nf3 b6 4.g3 Ba6 5.b3 Bb4+ 6.Bd2 Be7 7.Bg2 c6 8.Bc3 d5
9.Ne5 Nfd7 10.Nxd7 Nxd7 11.Nd2 O-O 12.O-O f5 13.e3 Nf6 14.Re1 h5 15.h4 Qe8
16.a3 Rd8 17.Bb2 Ne4 18.Rc1 Bd6 19.Rc2 Qg6 20.Nf1 Qh6 21.f4 Qg6 22.Qf3 Bb7
23.Nd2 Qxg3 24.Qxg3 Nxg3 25.Kh2 Ne4 26.Nxe4 fxe4 27.Bh3 Kf7 28.Rg1 Rg8 29.Bc3 g6
30.cxd5 cxd5 31.Bb4 Bb8 32.a4 a5 33.Ba3 Rc8 34.Rgc1 Rxc2+ 35.Rxc2 g5 36.hxg5 Rxg5
37.Bf1 Rg8 38.Bb5 h4 39.b4 Rg3 40.bxa5 Rxe3  0-1

[Event "TCh-AUT 1st Bundesliga 2007-8"]
[Site "Jenbach AUT"]
[Date "2008.01.12"]
[Round "6"]
[White "Novkovic,Mi"]
[Black "Stohl,I"]
[Result "0-1"]
[WhiteElo "2413"]
[BlackElo "2543"]

1.d4 Nf6 2.Nf3 e6 3.c4 b6 4.g3 Ba6 5.Qa4 Bb7 6.Bg2 c5 7.dxc5 Bxc5 8.Nc3 O-O
9.O-O Be7 10.Rd1 Na6 11.Bf4 Qc8 12.Rac1 Nc5 13.Qc2 Nce4 14.Nxe4 Bxe4 15.Qd2 Qb7
16.Ne1 Bxg2 17.Nxg2 Rac8 18.Be5 Rfd8 19.Nf4 d6 20.Bxf6 Bxf6 21.Nh5 Be7 22.Qd4 e5
23.Qg4 g6 24.Rd3 f5 25.Qh3 Rf8 26.g4 gxh5 27.gxf5 Qe4 28.Rf3 Kh8 29.Qxh5 Qxe2  0-1

[Event "ASEAN Masters Circuit GMB"]
[Site "Tarakan INA"]
[Date "2008.01.12"]
[Round "5"]
[White "Barus,C"]
[Black "Barbosa,O PHI"]
[Result "1-0"]
[WhiteElo "2479"]
[BlackElo "2410"]

1.d4 Nf6 2.c4 e6 3.Nf3 b6 4.g3 Ba6 5.b3 b5 6.cxb5 Bxb5 7.Bg2 Bb4+ 8.Bd2 a5
9.O-O d5 10.Nc3 Ba6 11.a3 Be7 12.Re1 Nbd7 13.Na4 Bb5 14.Nc3 Ba6 15.Na4 Bb5
16.Nc3 Bc6 17.Bf4 O-O 18.Qc2 Ra6 19.Rac1 Bd6 20.Bxd6 cxd6 21.e3 Qb8 22.Nd2 h6
23.Bf1 Ra7 24.a4 Rc7 25.Qb2 Rcc8 26.Ba6 Rcd8 27.Bb5 Rc8 28.Ba6 Rcd8 29.Rc2 Qb6
30.Bb5 Rc8 31.Rec1 Nb8 32.b4 Bb7 33.bxa5 Qxa5 34.Nb3 Qa7 35.Qa3 Rfd8 36.Bd3 Nc6
37.Nb5 Qb8 38.a5 Ne8 39.a6 Ba8 40.Na5 Qb6 41.Nxc6 Rxc6 42.Rxc6 Bxc6 43.Nc3 Qa7
44.Qa5 Ra8 45.Na4 Bd7 46.Nb6 Rb8 47.Nxd7 Qxd7 48.a7 Ra8 49.Bb5 Qb7 50.Bxe8 Rxe8
51.Qc7 Qxc7 52.Rxc7 Ra8 53.Kf1 g5 54.g4 Kg7 55.h3 Kg6 56.f3 e5 57.Rd7 f6
58.Ke2 h5 59.Kd3 Rc8 60.Rxd6 exd4 61.Kxd4  1-0

[Event "ASEAN Masters Circuit GMB"]
[Site "Tarakan INA"]
[Date "2008.01.12"]
[Round "5"]
[White "Sitanggang,S"]
[Black "Mahmud,S"]
[Result "1/2-1/2"]
[WhiteElo "2410"]
[BlackElo "2344"]

1.d4 Nf6 2.Nf3 e6 3.c4 b6 4.g3 Ba6 5.b3 Bb4+ 6.Bd2 Be7 7.Bg2 c6 8.Bc3 d5
9.Ne5 Nfd7 10.Nxd7 Nxd7 11.Nd2 O-O 12.O-O f5 13.Qc2 b5 14.a4 b4 15.Bb2 Rc8
16.Rac1 Qe8 17.Rfe1 Qh5 18.e3 Nf6 19.Qd1 Qxd1 20.Rexd1 Rfd8 21.Bf1 Bb7 22.Nf3 Ne4
23.Ne5 Bd6 24.f3 Bxe5 25.fxe4 Bf6 26.cxd5 cxd5 27.e5 Bg5 28.Kf2 Rxc1 29.Rxc1 Rc8  1/2-1/2

[Event "6th Parsvnath Open"]
[Site "New Delhi IND"]
[Date "2008.01.13"]
[Round "1"]
[White "Batyrov,S"]
[Black "Pereira,Joh"]
[Result "1/2-1/2"]
[WhiteElo "2471"]
[BlackElo "1899"]

1.d4 Nf6 2.Nf3 e6 3.c4 b6 4.g3 Ba6 5.b3 Bb7 6.Bg2 Bb4+ 7.Bd2 a5 8.O-O O-O
9.Nc3 Bxc3 10.Bxc3 Be4 11.Nd2 Bxg2 12.Kxg2 d5 13.Qc2 Nbd7 14.e4 dxe4 15.Nxe4 Qc8
16.Rad1 Rd8 17.Rfe1 Nxe4 18.Rxe4 Nf6 19.Rh4 h6 20.d5 Ne8 21.Qe2 exd5 22.cxd5 Qf5
23.Rf4 Qg6 24.Qe7 f6 25.Qe2 Nd6 26.Rg4 Qf5 27.Rf4 Qg6 28.Rg4 Qf5 29.Qe6+ Kf8
30.Bb2 b5 31.Rc1 Rac8 32.Rc5 Re8 33.Qxf5 Nxf5 34.Rxb5 Re2 35.Ba3+ Kf7 36.Rf4 Rxa2
37.Rxf5 Rxa3 38.Rf4 Ra2 39.Ra4 Rd2 40.Rbxa5 Rd8 41.Rc5 R8xd5 42.Rxc7+ Rd7
43.Raa7 Rxc7 44.Rxc7+ Kg6 45.h4 Rb2 46.Rb7 h5 47.Kf3 Kf5 48.Ke3 g5 49.hxg5 fxg5
50.Kf3 h4 51.g4+ Kg6 52.Rb6+ Kg7 53.Rb7+ Kg6 54.Rb8 Kg7 55.Kg2 Kh7 56.Rb5 Kg6
57.b4 Kf6 58.Kf3 Rb3+ 59.Kg2 Rb2 60.Rb8 Kf7 61.b5 Ke6 62.b6 Kf7 63.Rb7+ Kf6
64.Rb8 Kg7 65.Kf3 Rb3+ 66.Kg2  1/2-1/2

[Event "6th Parsvnath Open"]
[Site "New Delhi IND"]
[Date "2008.01.16"]
[Round "6"]
[White "Sachdev,T"]
[Black "Mishra,S"]
[Result "1-0"]
[WhiteElo "2417"]
[BlackElo "2255"]

1.d4 Nf6 2.Nf3 e6 3.c4 b6 4.g3 Ba6 5.b3 Bb4+ 6.Bd2 Be7 7.Bg2 c6 8.Bc3 d5
9.Ne5 Nfd7 10.Nxd7 Nxd7 11.Nd2 O-O 12.O-O Nf6 13.e4 dxe4 14.Nxe4 Qc7 15.Re1 Bb7
16.Qc2 Rad8 17.Rad1 Nxe4 18.Bxe4 g6 19.h4 Bf6 20.h5 Bg7 21.Qc1 Rd7 22.h6 Bh8
23.Bg2 Rfd8 24.d5 Bxc3 25.Qxc3 e5 26.Rxe5 f6 27.Re6 cxd5 28.Qxf6 Rf7 29.Qg5 Bc8
30.Rc6 Qe7 31.Qxe7 Rxe7 32.Bxd5+ Kh8 33.Rf6 Bb7 34.Kg2 Red7 35.Re1 Bxd5+
36.cxd5 Kg8 37.d6 Rxd6 38.Rxd6 Rxd6 39.Re8+ Kf7 40.Rh8 g5 41.Rxh7+ Kg6 42.Rxa7 Kxh6
43.g4 Kg6 44.Rb7 Kf6 45.Kf3 Ke5 46.Ke3 Kd5 47.Rg7 Re6+ 48.Kd3 Re5 49.Rf7 b5
50.Rf5 b4 51.Rxe5+ Kxe5 52.Kc4 Kf4 53.Kxb4 Kxg4 54.a4 Kf3 55.a5 g4 56.a6  1-0

[Event "115th ch-NZL"]
[Site "Auckland NZL"]
[Date "2008.01.17"]
[Round "4"]
[White "Croad,N"]
[Black "Dive,RJ"]
[Result "1/2-1/2"]
[WhiteElo "2313"]
[BlackElo "2341"]

1.d4 Nf6 2.c4 e6 3.Nf3 b6 4.g3 Ba6 5.Qc2 d5 6.cxd5 exd5 7.Bh3 Bd6 8.O-O O-O
9.Nh4 Re8 10.Nc3 c5 11.Nf5 cxd4 12.Nxd4 Bb4 13.Bg5 Bxc3 14.bxc3 h6 15.Be3 Nbd7
16.Rfe1 Nc5 17.a4 Nfe4 18.Nb5 Qe7 19.c4 dxc4 20.Qxc4 Bc8 21.Bg2 Be6 22.Qb4 Bd5
23.a5 Nf6 24.axb6 axb6 25.Rxa8 Rxa8 26.Rc1  1/2-1/2

[Event "6th Parsvnath Open"]
[Site "New Delhi IND"]
[Date "2008.01.17"]
[Round "7"]
[White "Thejkumar,M"]
[Black "Swayams,M"]
[Result "0-1"]
[WhiteElo "2382"]
[BlackElo "2214"]

1.d4 Nf6 2.Nf3 e6 3.c4 b6 4.g3 Ba6 5.Nbd2 d5 6.cxd5 exd5 7.Bg2 Bd6 8.O-O O-O
9.Ne5 c5 10.Ndf3 cxd4 11.Nd3 Nc6 12.Qa4 Bxd3 13.exd3 Nb4 14.Qb3 a5 15.Nxd4 Nd7
16.Nf5 Nc5 17.Qd1 Nbxd3 18.Bxd5 Ra7 19.Be3 Be5 20.Qf3 Bxb2 21.Rab1 Bf6 22.Rfd1 Rd7
23.Bxc5 Nxc5 24.h4 Ne6 25.Bc6 Rxd1+ 26.Rxd1 Qc7 27.Rd7 Qe5 28.Qg4 g6 29.Ne3 h5
30.Qd1 Nc5 31.Rd5 Qc7 32.Bb5 Rd8 33.Qf3 Bd4 34.Bc4 Ne6 35.Rxd8+ Nxd8 36.Bd5 Bxe3
37.Qxe3 Qd7 38.Bb3 a4 39.Bc2 b5 40.Qe5 Ne6 41.Qb8+ Kh7 42.Qe5 Ng7 43.Qc3 Qd5
44.a3 Ne6 45.Qf6 Kg8 46.Qe7 Qc4 47.Bd1 Qd3 48.Qe8+ Kg7 49.Bxa4 Qb1+ 50.Kh2 bxa4
51.Qxa4 Qf1 52.Qc2 Kh7 53.Qd2 Qc4  0-1

[Event "ASEAN Masters Circuit GMA"]
[Site "Tarakan INA"]
[Date "2008.01.19"]
[Round "11"]
[White "Purnama,T"]
[Black "Nadera,B"]
[Result "1-0"]
[WhiteElo "2383"]
[BlackElo "2417"]

1.d4 Nf6 2.c4 e6 3.Nf3 b6 4.g3 Ba6 5.b3 Be7 6.Bg2 Bb7 7.O-O O-O 8.Nc3 d5
9.Ne5 Nbd7 10.Bb2 a6 11.Rc1 Bd6 12.Nxd7 Qxd7 13.Re1 c6 14.e4 Be7 15.e5 Ne8
16.c5 b5 17.Ne2 a5 18.Nf4 g6 19.h4 Ng7 20.Rc2 Ba6 21.h5 g5 22.h6 Nf5 23.Nh5 f6
24.exf6 Bxf6 25.Qg4 Rae8 26.Nxf6+ Rxf6 27.Qxg5+ Rg6 28.Qf4 Nxh6 29.Rce2 Rf8
30.Qd2 b4 31.Re3 Ng4 32.Rf3 Rxf3 33.Bxf3 Nf6 34.Qe3 Kf7 35.Qf4 Kg7 36.Re3 Bc8
37.Bc1 h6 38.Re5 Ba6 39.Qe3 Kf7 40.Bd1 Ke7 41.Qf4 Bd3 42.Qh4 Qc8 43.Bh5  1-0

[Event "115th ch-NZL"]
[Site "Auckland NZL"]
[Date "2008.01.21"]
[Round "9"]
[White "Garbett,P"]
[Black "Dive,RJ"]
[Result "0-1"]
[WhiteElo "2338"]
[BlackElo "2341"]

1.d4 Nf6 2.c4 e6 3.Nf3 b6 4.g3 Ba6 5.Qc2 c5 6.Bg2 Nc6 7.a3 Bb7 8.d5 exd5
9.cxd5 Nxd5 10.O-O Be7 11.Rd1 Nf6 12.e4 O-O 13.e5 Ne8 14.Nc3 Nc7 15.Be3 Qc8
16.Rd2 Na5 17.Bg5 Qd8 18.Qf5 Bc6 19.Rad1 Ne6 20.h4 h6 21.Bxe7 Qxe7 22.Nd5 Bxd5
23.Rxd5 Rfd8 24.Qe4 Rac8 25.Nh2 Nd4 26.Bf1 d6 27.Bd3 f5 28.exf6 Qxe4 29.Bxe4 gxf6
30.Bg6 Nc4 31.Rb1 Rc7 32.Kg2 Re7 33.Ng4 Kg7 34.h5 Re2 35.Bd3 Rxb2 36.Re1 Ne5
37.Nxe5 fxe5 38.Rexe5 dxe5 39.Rxd8 Rb3 40.Rd7+ Kf6 41.Bc4 Rxa3 42.Rf7+ Kg5
43.Rg7+ Kf5 44.Rg6 b5 45.Bd5 c4 46.f3 e4 47.Bxe4+ Ke5 48.Rxh6 c3 49.Rg6 c2
50.Bxc2 Ra2 51.f4+ Kd5 52.h6 Rxc2+ 53.Kh3 Rc8 54.h7 Rh8 55.Rg7 Ne6 56.Rxa7 Nf8
57.Ra8 Rxh7+ 58.Kg4 Nd7 59.Kf5 b4 60.g4 b3 61.Ra1 Rf7+ 62.Kg5 Nc5 63.f5 Ne4+
64.Kf4 Nc3 65.Ra5+ Kc4 66.Ra1 b2 67.Re1 Ra7  0-1

[Event "Winter Open"]
[Site "Belgrade SRB"]
[Date "2008.01.22"]
[Round "1"]
[White "Radusinovic,L"]
[Black "Govedarica,R"]
[Result "1/2-1/2"]
[WhiteElo "2079"]
[BlackElo "2382"]

1.d4 Nf6 2.c4 e6 3.Nf3 b6 4.g3 Ba6 5.Nbd2 c5 6.Bg2 Bb7 7.O-O cxd4 8.Nxd4 Bxg2
9.Kxg2 Qc7 10.b3 d6 11.N2f3 a6 12.Bb2 Be7 13.Qd2 O-O 14.Rfd1 Nbd7 15.Qe3 Rfe8
16.Rac1 Qb7 17.Kg1 Ne4 18.Nd2 Nef6 19.Qf3 Qxf3 20.N4xf3 Rec8 21.e4 Nc5 22.e5 Ne8
23.Nf1 Ra7 24.Ne3 dxe5 25.Nxe5 f6 26.Nd3 Kf7 27.Kg2 Nd6 28.f3 Rac7 29.Nxc5 bxc5
30.Bc3 Nb7 31.Rd3 Rd8 32.Rxd8 Bxd8 33.Rd1 Be7 34.f4 Ke8 35.f5 Rd7 36.fxe6 Rxd1
37.Nxd1 Nd8 38.Ne3 Nxe6 39.Nd5 Bd8 40.a3 a5 41.h4 f5 42.Kf3 Kf7 43.g4  1/2-1/2

[Event "Winter Open"]
[Site "Belgrade SRB"]
[Date "2008.01.24"]
[Round "3"]
[White "Rajkovic,Du"]
[Black "Chelushkina,I"]
[Result "0-1"]
[WhiteElo "2494"]
[BlackElo "2357"]

1.d4 Nf6 2.c4 e6 3.Nf3 b6 4.g3 Ba6 5.Qb3 c6 6.Nc3 Be7 7.d5 O-O 8.Bg2 cxd5
9.cxd5 Nxd5 10.Nxd5 exd5 11.Ne5 Nc6 12.Qa4 Bb4+ 13.Kf1 Bxe2+ 14.Kxe2 Qe7
15.Rd1 Qxe5+ 16.Kf1 Rae8 17.Be3 Qf6 18.Qb3 d4 19.Bf4 Bc5 20.h4 h6 21.h5 a5
22.a3 Qe6 23.Qd3 a4 24.Bf3 Na5 25.Rac1 Qb3 26.Rc2 d6 27.Kg2 Qxd3 28.Rxd3 b5
29.Bd5 Rb8 30.Bd2 Nc4 31.Bxc4 bxc4 32.Rxc4 Rxb2 33.Rxa4 Re8 34.Kf3 Re5 35.Ra8+ Kh7
36.g4 f5 37.Bf4 Ree2 38.Bg3 Rec2 39.gxf5 Rc3 40.Rxc3 dxc3 41.Re8 c2 42.Bf4 Rb3+
43.Kg4 Bxa3 44.Rc8 Bc5 45.f6 Rb4 46.f7 Rxf4+ 47.Kxf4 c1=Q+ 48.Kf3 Qa3+  0-1

[Event "6th ch-PriFO Men"]
[Site "Kazan RUS"]
[Date "2008.01.25"]
[Round "3"]
[White "Panchenko,AN"]
[Black "Sanzhaev,D"]
[Result "1-0"]
[WhiteElo "2273"]
[BlackElo "2056"]

1.Nf3 Nf6 2.c4 e6 3.d4 b6 4.g3 Ba6 5.Nbd2 Bb4 6.Qc2 O-O 7.Bg2 d5 8.O-O Bxd2
9.Nxd2 c6 10.Rd1 Nbd7 11.e4 Rc8 12.b3 dxe4 13.Nxe4 Nxe4 14.Bxe4 Nf6 15.Bg2 Qe7
16.Bb2 Rfd8 17.Rd2 Bb7 18.Re1 Rd7 19.Rde2 Rcd8 20.Bh3 Ne8 21.Re5 Nf6 22.Qe2 Qf8
23.Qe3 h6 24.Qf4 Qd6 25.Qc1 c5 26.d5 exd5 27.Bxd7 Qxd7 28.Re7 Qc6 29.Bxf6 gxf6
30.Qxh6 d4 31.Rxb7 Qxb7 32.Qxf6 Qc8 33.Re7 Rf8 34.Qg5+ Kh7 35.Re4  1-0

[Event "Winter Open"]
[Site "Belgrade SRB"]
[Date "2008.01.26"]
[Round "5"]
[White "Scepanovic,R"]
[Black "Pantovic,D"]
[Result "1-0"]
[WhiteElo "2284"]
[BlackElo "2171"]

1.d4 Nf6 2.c4 e6 3.Nf3 b6 4.g3 Ba6 5.Qc2 Bb7 6.Bg2 c5 7.d5 exd5 8.cxd5 Nxd5
9.O-O Nc7 10.Rd1 Be7 11.Nc3 O-O 12.Ng5 Bxg5 13.Bxb7 Bxc1 14.Raxc1 a6 15.Bxa8 Nxa8
16.Rd2 Nc7 17.Rcd1 Qg5 18.Nd5 Nxd5 19.Rxd5 Qe7 20.e3 g6 21.Rd6 Qd8 22.h4  1-0

[Event "ch-Kyiv Men"]
[Site "Kyiv UKR"]
[Date "2008.01.26"]
[Round "6"]
[White "Baryshpolets,A"]
[Black "Kruglyakov,P"]
[Result "0-1"]
[WhiteElo "2389"]
[BlackElo "2356"]

1.d4 Nf6 2.c4 e6 3.Nf3 b6 4.g3 Ba6 5.b3 Bb4+ 6.Bd2 Be7 7.Bg2 c6 8.O-O d5
9.Qc2 O-O 10.Bf4 Nbd7 11.Rd1 Rc8 12.Nc3 dxc4 13.bxc4 Bxc4 14.Nd2 Ba6 15.Qa4 Bb7
16.Qxa7 Ba8 17.e4 Nh5 18.Be3 Bb4 19.Rac1 b5 20.d5 Bxc3 21.Rxc3 cxd5 22.Nb1 Nhf6
23.Qa6 b4 24.Rxc8 Qxc8 25.Qa4 dxe4 26.Qxb4 Ne5 27.Bg5 e3 28.Bxe3 Bxg2 29.Kxg2 Qa8+
30.Kh3 Qf3 31.Rf1 g5 32.Bxg5 Qf5+ 33.Kg2 Qxg5 34.f4 Qg4 35.h3 Qe2+  0-1